Taylor Swift TTPD: Sudden Death - Statistics

General Stats
  • This quiz has been taken 151 times
  • The average score is 15 of 16
Answers on the Grid
Answers color-coded by a green-red scale on the quiz's grid according to % correct below.
Clara Bow
loml
I Can Do It With A Broken Heart
I Love You, It's Ruining My Life
Odd Man Out
Fortnight
Cosmic Love
Guilty As Sin
The Alchemy
One Hour Of Sunshine
Down Bad
The Tortured Poets Department
Braids Of Lies
So Long, London
Safe And Stranded
Florida!!!
Fresh Out The Slammer
But Daddy I Love Him
I Can Fix Him (No Really I Can)
Miserable
Who's Afraid Of Little Old Me?
So Tortured, So Poetic
The Smallest Man Who Ever Lived
My Boy Only Breaks His Favorite Toys
 
Answer Stats
Answer % Correct
I Can Do It With A Broken Heart
98%
But Daddy I Love Him
96%
Fortnight
96%
The Tortured Poets Department
96%
Who's Afraid Of Little Old Me?
96%
Guilty As Sin
95%
I Can Fix Him (No Really I Can)
95%
loml
95%
So Long, London
95%
The Alchemy
95%
The Smallest Man Who Ever Lived
95%
Down Bad
94%
Florida!!!
94%
My Boy Only Breaks His Favorite Toys
94%
Clara Bow
93%
Fresh Out The Slammer
93%
No matching quizzes found
Score Distribution
Percent of People with Each Score
Percentile by Number Answered
Your Score History
You have not taken this quiz